Jan Paweł II w Szczecinie
| Titel: | Jan Paweł II w Szczecinie : przygotowania do wizyty, jej przebieg i przesłanie / Stanuch, Zbigniew, Wejman, Grzegorz |
|---|---|
| Verfasser: | ; |
| Veröffentlicht: | Szczecin; Warszawa : Instytut Pamięci Narodowej - Komisja Ścigania Zbrodni przeciwko Narodowi Polskiemu, Oddział w Szczecinie, 2024 |
| Umfang: | 245 Seiten, 3 ungezählte und 20 gezählte Seiten Bildtafeln |
| Format: | Buch |
| Sprache: | Polnisch |
| ISBN: | 9788382298994 |
| Hinweise zum Inhalt: |
Inhaltsverzeichnis
Buch Bibliographie Cover Register Abstract |
alg: 51800954 001A $03004:07-05-24 001B $01999:04-12-25 $t22:14:02.000 001D $03004:10-06-24 001U $0utf8 001X $00 002@ $0Aau 002C $aText $btxt $2rdacontent 002D $aohne Hilfsmittel zu benutzen $bn $2rdamedia 002E $aBand $bnc $2rdacarrier 003@ $0518009548 004A $A978-83-8229-899-4 007A $0518009548 $aHEB 007G $0DE020E42B242668593816C1258BA2002FCAF9 009P $qapplication/pdf $A2 $3Inhaltsverzeichnis $uhttp://scans.hebis.de/HEBCGI/show.pl?51800954_toc.pdf $mV:DE-603;B:DE-Mb50 009P $qapplication/pdf $A2 $3Buch Bibliographie $uhttp://scans.hebis.de/HEBCGI/show.pl?51800954_bib.pdf $mV:DE-603;B:DE-Mb50 009P $qapplication/pdf $A2 $3Cover $uhttp://scans.hebis.de/HEBCGI/show.pl?51800954_cov.pdf $mV:DE-603;B:DE-Mb50 009P $qapplication/pdf $A2 $3Register $uhttp://scans.hebis.de/HEBCGI/show.pl?51800954_idx.pdf $mV:DE-603;B:DE-Mb50 009P $qapplication/pdf $A2 $3Abstract $uhttp://scans.hebis.de/HEBCGI/show.pl?51800954_sum.pdf $mV:DE-603;B:DE-Mb50 010@ $apol 010E $erda 011@ $a2024 021A $aJan Paweł II w Szczecinie $dprzygotowania do wizyty, jej przebieg i przesłanie $hStanuch, Zbigniew, Wejman, Grzegorz 028A $BVerfasser $4aut $8Stanuch, Zbigniew$Z1974- [Tp3] $9447789023 028C $BVerfasser $4aut $7142599840 $8Wejman, Grzegorz$Z1961- [Tp3] $9228069637 033A $pSzczecin $pWarszawa $nInstytut Pamięci Narodowej - Komisja Ścigania Zbrodni przeciwko Narodowi Polskiemu, Oddział w Szczecinie 034D $a245 Seiten, 3 ungezählte und 20 gezählte Seiten Bildtafeln 037A $aLiteraturverzeichnis Seite: 193-207 044K $RBesucher $#Besuche $74144953-8 $8Besuch [Ts1] $9085575291 044K $#John Paul $#Johannes PaulII. $#Johannes Paulus II. $#Johannes Paulus II. $#Giovanni Paolo II. $#Ioannes Paulus II. $#Wojtyła, Karol $#Wojtyła, Karol Józef $#Ioannis Paulus II. $#Ivan Pavao II. $#Ivan Pavlo II. $#Jan Pavel Druhý $#Ján Pavol II. $#Jan Paweł II. $#Jan Paweł II $#Janez Pavel II. $#Jānis Pāvils II. $#János Pál II. $#Jean Paul II. $#Jean Paul II. $#Jean-Paul II. $#Joannes Paulus II. $#Johannes Paulus II. $#Johano Paŭlo la Dua $#John Paul II. $#John Paul II. $#Juan Pablo II. $#Juan Pablo II. $#Joany Paoly II. $#Vojtyla, Karol $#Wojtyla, Carlo $#Vojtila, Karol $#Wojtyla, Karol $#Wojtyla, Karol Heiliger $#Johannes Paul II. $#Yuḥannā Būlus II. $#Yuhạnnā Būlus II. $#Yuḥannā-Būlus at-Tānī, al-Bābā $#Yuhạnnā-Būlus at-Tanī, al-Bābā $#Yūhạnnā Būlus at-Tanī, al-Bābā $#Yūḥannā Būlus at-Tānī, al-Bābā $#Ioann Pavel II. $#Ioannes Paulos II. $#Johano Paŭlo II. $#Gioan-Phaolô II. $#Johannes Paul II. $#Johannes Paul II $#Jawień, Andrzej $#Gruda, Stanisław A. $#Jasień, Piotr $#Johannes Paul II $#Johannes Paul II $#Jan Paweł Papa, II. $#Johannes Paul II. $#Wojtvła, Karol $#Wojtyla, Karol $#Jan Pawel $#Woytyła, Karol $#Woityła, Karol $#Wojtyła-Szostek-Styczén, ... $#Gruda, Stanisław A. $#Jasień, Piotr $#Joannes Paulus $#Jan Paweł II $#Ioannes Paulus II. $#Ioannis Pauli $#Juan Pablo $#John Paul $#John Paul II. $7118558064 $8$PJohannes Paul$nII.$lPapst$Z1920-2005 [Tp1] $9086899090 044K $RLandkreis Randow $#Stettin $#Szczecin $#Stetina $#Stadtkreis Stettin $#Groß Stettin $#Sedinum $#Alten Stettin $#Olden Stettin $#Ščecinas $#Štětín $74057392-8 $8Stettin [Tg1] $9085159689 045F $a900.9438160904 $eDDC23BSB 045F/01 $a900 045F/03 $f0904 045F/03 $g43816 045F/03 $g438 045G $a200.943816 $eDDC23BSB 045G/01 $a200.9 045G/03 $g43816 045G/03 $g438 045H $a909 $eDDC23BSB 045H/01 $a909 045H/03 $g43816 045R $aGeschichte 1987 lok: 51800954 24 exp: 51800954 24 1 #EPN 201B/01 $013-09-24 $t12:01:43.000 201C/01 $007-05-24 201U/01 $0utf8 203@/01 $01262124980 208@/01 $a07-05-24 $bz 209A/01 $a24.04973 $du $f050 $h24 04973 $x00 209C/01 $a24.04973 T $h24 04973 T 209G/01 $a74752837 $x00 220C/01 $ajwa/bar 247C/01 $8358050-7 Marburg, Bibliothek des Herder-Instituts Marburg $9102600961 lok: 51800954 78 exp: 51800954 78 1 #EPN 201B/01 $007-11-25 $t12:29:18.000 201C/01 $007-11-25 201U/01 $0utf8 203@/01 $01321766203 208@/01 $a07-11-25 $be 209A/01 $a/ $f000 $x00 209A/01 $ab*p $x01 220C/01 $apgar 244Z/01 $#Generalgouvernement Polen $#Polska $#Rzeczpospolita Polska $#Polska Rzeczpospolita Ludowa $#Poland $#Pologne $#République Polonaise $#Generalne Gubernatorstwo w Polsce $#Polish People's Republic $#Polska Rzeczpospolita Polen $#PRL $#RP $#Polen Generalgouvernement $#Polska Generalgouvernement $#Besetzte Polnische Gebiete $#Besetztes Gebiet in Polen $#Okupowane Polskie Obszary $#Obszary Okupowane w Polsce $#Volksrepublik Polen $#Polska Rosyjska $#Republic Polen $#Respublika Pol'ša $#Pol'skaja Narodnaja Respublika $#République de Pologne $#Polen Links der Weichsel $#Polska po Lewej Stronie Wisły $#Lenkija $#Polija $#Gubernija Carstva Pol'skago $#Republik Polen $74046496-9 $8--Tg1--Polen $x01 $9085129801 244Z/01 $#Pommern $#Pommern $#Herzogtum Pommern $#Herzogthum Pommern $#Provinz Pommern $#Pomorze $74046744-2 $8--Tg1--Pommern $x07 $9085130354 247C/01 $82080>Marburg/Lahn, Herder-Institut, Forschungsbibliothek, Bibliographieportal $9336309341
| LEADER | 00000cam a2200000 c 4500 | ||
|---|---|---|---|
| 001 | 518009548 | ||
| 003 | DE-603 | ||
| 005 | 20251204221402.0 | ||
| 007 | tu | ||
| 008 | 240507s2024 xx |||| | u00||u|pol c | ||
| 020 | |a 9788382298994 | ||
| 035 | |a (DE-599)HEB518009548 | ||
| 040 | |a DE-603 |b ger |c DE-603 |d DE-603 |e rda | ||
| 041 | |a pol | ||
| 082 | 0 | 4 | |8 1\u |a 900.9438160904 |q DE-101 |2 23/BSB |
| 083 | 0 | |8 2\u |a 200.943816 |q DE-101 |2 23/BSB | |
| 083 | 0 | |8 3\u |a 909 |q DE-101 |2 23/BSB | |
| 085 | |8 1\u |b 900 | ||
| 085 | |8 1\u |z 1 |s 0904 | ||
| 085 | |8 1\u |z 2 |s 43816 | ||
| 085 | |8 1\u |z 2 |s 438 | ||
| 085 | |8 2\u |b 200.9 | ||
| 085 | |8 2\u |z 2 |s 43816 | ||
| 085 | |8 2\u |z 2 |s 438 | ||
| 085 | |8 3\u |b 909 | ||
| 085 | |8 3\u |z 2 |s 43816 | ||
| 100 | 1 | |a Stanuch, Zbigniew |d 1974- |e Verfasser |4 aut |0 (DE-603)447789023 |0 (DE-588)1183837666 |2 gnd | |
| 245 | 0 | 0 | |a Jan Paweł II w Szczecinie |b przygotowania do wizyty, jej przebieg i przesłanie |c Stanuch, Zbigniew, Wejman, Grzegorz |
| 264 | 1 | |a Szczecin |a Warszawa |b Instytut Pamięci Narodowej - Komisja Ścigania Zbrodni przeciwko Narodowi Polskiemu, Oddział w Szczecinie |c 2024 | |
| 300 | |a 245 Seiten, 3 ungezählte und 20 gezählte Seiten Bildtafeln | ||
| 336 | |a Text |b txt |2 rdacontent | ||
| 337 | |a ohne Hilfsmittel zu benutzen |b n |2 rdamedia | ||
| 338 | |a Band |b nc |2 rdacarrier | ||
| 500 | |a Literaturverzeichnis Seite: 193-207 | ||
| 600 | 0 | 7 | |a Johannes Paul |b II. |c Papst |d 1920-2005 |0 (DE-588)118558064 |0 (DE-603)086899090 |2 gnd |
| 648 | 7 | |a Geschichte 1987 |2 gnd | |
| 650 | 7 | |a Besuch |0 (DE-588)4144953-8 |0 (DE-603)085575291 |2 gnd | |
| 651 | 7 | |a Stettin |0 (DE-588)4057392-8 |0 (DE-603)085159689 |2 gnd | |
| 700 | 1 | |a Wejman, Grzegorz |d 1961- |e Verfasser |4 aut |0 (DE-603)228069637 |0 (DE-588)142599840 |2 gnd | |
| 856 | 4 | 2 | |m V:DE-603;B:DE-Mb50 |q application/pdf |u http://scans.hebis.de/HEBCGI/show.pl?51800954_toc.pdf |3 Inhaltsverzeichnis |
| 856 | 4 | 2 | |m V:DE-603;B:DE-Mb50 |q application/pdf |u http://scans.hebis.de/HEBCGI/show.pl?51800954_bib.pdf |3 Buch Bibliographie |
| 856 | 4 | 2 | |m V:DE-603;B:DE-Mb50 |q application/pdf |u http://scans.hebis.de/HEBCGI/show.pl?51800954_cov.pdf |3 Cover |
| 856 | 4 | 2 | |m V:DE-603;B:DE-Mb50 |q application/pdf |u http://scans.hebis.de/HEBCGI/show.pl?51800954_idx.pdf |3 Register |
| 856 | 4 | 2 | |m V:DE-603;B:DE-Mb50 |q application/pdf |u http://scans.hebis.de/HEBCGI/show.pl?51800954_sum.pdf |3 Abstract |
| 924 | 0 | |9 Mb 50 |a (DE-603)1262124980 |b DE-Mb50 |c HES |d c |g 24.04973 | |
| 924 | 0 | |9 2080 |a (DE-603)1321766203 |b DE-2080 |c HES |d d |g / | |


